Responses for show #1836 - Monday, September 7, 1992

First game of Season 9.
First episode to have contestants' lectern monitors change from blue to red for Double Jeopardy!
First season to have interviews moved to after the first round.

Contestants

[<< previous game]

Cindy Cullen, a graduate student originally from Clark, New Jersey

Garry Weischedel, a physician from Bedford, New Hampshire

Jim Weinstein, an advertising executive from Los Angeles, California (whose 1-day cash winnings total $10,000)

[next game >>]

Jeopardy! Round responses

20TH CENTURY AMERICA
MUSICAL THEATRE
MAKEUP
APRIL FOOLS' DAY
MEDICINE
LAST NAME'S THE SAME
    $100 4
draft cards

Garry
    $100 1
West Side Story

Jim
    $100 26
mascara

Cindy
    $100 21
weather satellite

Cindy
    $100 11
teething

Cindy
    $100 14
Franklin

Garry
    $200 5
pennies

Garry
    $200 2
Man of La Mancha

Jim
    $200 27
water

Cindy
    $200 22
(Jim: Who is Charles Laughton?)

Lon Chaney

JimGarry
    $200 12
cholesterol

Garry
    $200 17
Ford

Garry
    $300 6
Nelson Rockefeller

Jim
    $300 3
No, No, Nanette

Garry
    $300 28
powder

Jim
    $300 23
Marvin Gaye

Garry
    $300 13
Alzheimer's Disease

Jim
    $300 18
White

Jim
    $400 8
Huey Long

Jim
    $400 7
Applause

Garry
    $400 29
lips

Jim
    $400 24
(Alex: We have a minute left in the round.)

Nicaragua

Cindy
    $400 15
barbers

Garry
    $400 19
Howard

Jim
    $500 10
the 19th Amendment

Jim
    $500 9
A Night in the Ukraine

Jim
    $500 30
eyebrows

Jim
    $500 25
RAF (Royal Air Force)

Jim
    $500 16
(Cindy: What is pneumonia?)

bronchitis

GarryCindy
    $500 20
Hughes

Jim

Scores at the first commercial break (after clue 12):

Jim Garry Cindy
$2,000 $1,200 $100

Scores at the end of the Jeopardy! Round:

Jim Garry Cindy
$5,000 $2,900 $400

Double Jeopardy! Round responses

PRIME MINISTERS
THE ELEMENTS
BLACK AMERICA
RELIGION
NOVELS
WORLD GEOGRAPHY
    $200 12
Pierre Trudeau

Garry
    $200 1
zirconium

Garry
    $200 26
Clarence Thomas

Cindy
    $200 6
baptism

Jim
    $200 21
Pickwick Papers

Jim
    $200 7
Wales & Scotland

Garry
    $400 13
the Duke of Wellington (Arthur Wellesley)

Garry
    $400 2
radon

Jim
    $400 27
Bryant Gumbel

Cindy
    $400 17
(Garry: What is a dance?)

priestess

GarryCindy
    $400 22
Herman Melville

Cindy
    $400 8
the Netherlands (Holland)

Garry
    $600 14
(Garry: Who was Yamamoto?)

Tojo

JimGarry
    $600 3
uranium

Garry
    $600 28
Scott Joplin

Jim
    $600 18
Shakers

Garry
    $600 23
Ethan Allen

Jim
    $600 9
(Cindy: What is the United States?)

Denmark

JimCindy
    $1,200 15
(Jim: Who was Walesa?)

(Yitzhak) Shamir

Jim
    $800 4
arsenic

Garry
    $800 29
(Cindy: Who is Oscar Robertson?)

Bill Russell

GarryCindy
    $800 19
Inca

Jim
    $800 24
(Alex: And we have a minute to go in the round.)

Thomas Hardy

Garry
    $800 10
the Maya

Garry
    $1000 16
(Garry: What is Iceland?)

Sri Lanka (Ceylon)

JimGarry
    $1000 5
hydrogen

Cindy
    $3,300 30
Leontyne Price

Garry
    $1000 20
(Jim: What is Hinduism?)

Sikhism

Jim
Triple Stumper
    $1000 25
Dostoevsky

Jim
    $1000 11
Danube

Jim

Scores at the end of the Double Jeopardy! Round:

Jim Garry Cindy
$9,800 $10,000 $1,400

[wagering suggestions for these scores]

Final Jeopardy! Round responses

BUSINESS & INDUSTRY
(Alex: No, it's not Dr. Scholl's!)
CindyWhat is Kinney Shoes?
$1,400
JimWhat is Thom McCan?
$8,000
GarryWhat is Thom McAnn
$9,700
Thom McAn

Final scores:

Jim Garry Cindy
$17,800 $19,700 $0
2nd place: Trip to London, England New champion: $19,700 3rd place: Dynamark Security Centers fire/home protection system + NES with Talking Super Jeopardy!, Wheel of Fortune featuring Vanna White, and Infogenius productivity paks for Game Boy

Game dynamics:

Coryat scores:

Jim Garry Cindy
$11,000 $7,700 $1,400
25 R
(including 1 DD),
3 W
(including 1 DD)
23 R
(including 1 DD),
3 W
10 R,
3 W

Combined Coryat: $20,100

The J! Archive is created by fans, for fans. The Jeopardy! game show and all elements thereof, including but not limited to copyright and trademark thereto, are the property of Jeopardy Productions, Inc. and are protected under law. This website is not affiliated with, sponsored by, or operated by Jeopardy Productions, Inc. Join the discussion at JBoard.tv.